000
00313nam a2200121Ia 4500
005
20251222143252.0
008
251222s9999||||xx |||||||||||||| ||spa||
082
_a
362.017.8/M39
100
_a
Mejía Salas, Pedro
245
0
_a
La aAopción en el Perú
264
_b
Librería y Ediciones Jurídicas
942
_c
LIB
999
_c
14983
_d
14983